000 00776nam a2200289Ia 4500
005 20260324140452.0
008 008 260324s9999 xx 000 0 eng d
020 _a9781315078618
037 _aEBOOK
040 _aCRL
040 _beng
040 _cCRL
041 _2eng
041 _aeng
084 _qCRL
100 _aMarjorie Gamso; Sarah Skaggs; Yvonne Meier; Kenneth King; Ishmael Houston-Jones; Douglas Dunn; Jill Johnston; Elena Alexander
_91204508
245 0 _aFootnotes
245 0 _bSix Choreographers Inscribe the Page
260 _bTaylor and Francis
260 _c1998
365 _a
365 _b230
856 _uhttp://www.taylorfrancis.com/books/9781315078618
942 _cEBOOK
999 _c1806635
_d1806635